00839 a2200169 45000010006000000050017000060080041000230030015000640400040000790800053001192450037001722640080002093000019002895050315003081000023006237000023006465696320260407155832.0260407a1964 arg spa dAR-UNSa-BCEJYS aAR-UNSa-BCEJYSbspacAR-UNSa-BCEJYS a339.5xComercio exterior. Comercio Internacional10aLas economías de exportación 1aMéxico :bUnión Tipográfica Editorial Hispano-Americana (UTEHA)c1964 a390 p.c23 cm. a1. Las economías de exportación: delimitación del tema, introducción y resumen -2. El Perú en la época del guano – 3. El origen de los factores – 4. El esquema de desarrollo – 5. La junta distribuidora del arroz, de Birmania – 6. Instrumentos de la revuelta – 7. Problemas y perspectivas 1 aLevin, Jonathan V.1 aCastaño, Alfonso